000 00517nam a2200205Ia 4500
003 OSt
005 20220928144318.0
006 a|||||r|||| 00| 0
007 ta
008 220927b |||||||| |||| 00| 0 eng d
024 _a64445
037 _cTextual
040 _aSDCL
_cSDCL
_beng
041 _2eng
_aeng
082 _aO-,1N:g, L2
100 _aSpears Monroe K.
245 0 _aSpace against time in modern poetry
942 _hO-,1N:g, L2
_cTEXL
_2CC
999 _c826967
_d826967